| 000 | 00919nam a22002057a 4500 | ||
|---|---|---|---|
| 003 | OSt | ||
| 005 | 20160620105614.0 | ||
| 008 | 150407b slv spa | ||
| 040 | _cBMC | ||
| 082 | _a372.07 | ||
| 100 | 1 |
_934949 _aTrujillo Mestizo, Eneida Violeta |
|
| 245 | 1 | 0 |
_aPasantía en Colegio Madre de la Iglesia _b: Informe final _cEneida Violeta Trujillo Mestizo |
| 260 |
_aSanta Ana (El Salvador) _bUniversidad Católica de El Salvador _c2010 |
||
| 300 |
_a1 folleto (32 h.) _c27 cm _e+ 1 disco compacto |
||
| 500 | _aPrecede al tít.: Universidad Católica de El Salvador, Facultad de Ciencias y Humanidades | ||
| 502 | _aPara optar al grado académico de Licenciatura en Ciencias de la Educación con Especialidad en Educación Parvularia | ||
| 650 | 2 | 4 |
_97306 _aEducación Primaria _xDidáctica |
| 710 | 2 |
_91075 _aUniversidad Católica de El Salvador _bFacultad de Ciencias y Humanidades |
|
| 942 |
_2ddc _cTG |
||
| 999 |
_c21390 _d21390 |
||